000
00296nam a2200121Ia 4500
008
190216s9999||||xx |||||||||||||| ||und||
100
_a
Theraja B L
245
2
_a
A Text Book Of Electrical Technology
260
_b
Niraja Construction
_c
1968
300
_a
1600p
650
_a
Physics
942
_c
BK
999
_c
33102
_d
33102